Kenilworth /

Saved in:
Bibliographic Details
Main Author: Scott, Walter, Sir, 1771-1832
Other Authors: Lang, Andrew, 1844-1912
Format: Book
Language:English
Published: Lond. : Nimmo, 1895.
Edition:Border ed.
Series:Waverley novels, vols.22-23 / Scott, Walter, Sir, 1771-1832
LEADER 01025nam a22002531 4500
001 c000207870
003 CARM
005 20021125002100.0
008 851211s1895 enk 00001 eng d
019 1 |a 4241438  |5 LACONCORD2021 
035 |a (OCoLC)220305409  |5 LACONCORD2021 
100 1 |a Scott, Walter,  |c Sir,  |d 1771-1832. 
245 1 0 |a Kenilworth /  |c by Sir S.Scott; with introductory essay and notes by A.Lang. 
250 |a Border ed. 
260 |a Lond. :  |b Nimmo,  |c 1895. 
300 |a 2 v. 
490 1 |a Waverley novels, vols.22-23 / Scott, Walter, Sir, 1771-1832 
700 1 |a Lang, Andrew,  |d 1844-1912. 
852 8 |b CARM  |h A2:AK10A0  |i B06071  |p 0286651  |f BK 
852 8 |b CARM  |h A2:AK34A0  |i B06172  |p 0293651  |f BK 
082 0 4 |a 823.7 
999 f f |i 0dc53ed6-78f0-53ce-b919-71db6fd773ee  |s 02fdc08b-37e0-5ba2-a9e9-e2f20a9b11a9 
952 f f |p Can circulate  |a CAVAL  |b CAVAL  |c CAVAL  |d CARM 1 Store  |e B06071  |f A2:AK10A0  |h Other scheme  |i book  |m 0286651 
952 f f |p Can circulate  |a CAVAL  |b CAVAL  |c CAVAL  |d CARM 1 Store  |e B06172  |f A2:AK34A0  |h Other scheme  |i book  |m 0293651